Chemical kinetics of small organic radicals / (Record no. 16763)
[ view plain ]
| 000 -LEADER | |
|---|---|
| fixed length control field | 00692cam a2200229 a 4500 |
| 020 ## - INTERNATIONAL STANDARD BOOK NUMBER | |
| ISBN | 0849343615 (set) |
| 020 ## - INTERNATIONAL STANDARD BOOK NUMBER | |
| ISBN | 0849343623 (v. 1) |
| 020 ## - INTERNATIONAL STANDARD BOOK NUMBER | |
| ISBN | 0849343631 (v. 2) |
| 020 ## - INTERNATIONAL STANDARD BOOK NUMBER | |
| ISBN | 084934364X (v. 3) |
| 020 ## - INTERNATIONAL STANDARD BOOK NUMBER | |
| ISBN | 0849343658 (v. 4) |
| 040 ## - CATALOGING SOURCE | |
| Transcribing agency | DLC |
| 082 00 - DEWEY DECIMAL CLASSIFICATION NUMBER | |
| Classification number | 547 BOC 1988 A111 Or. |
| 245 00 - TITLE STATEMENT | |
| Title | Chemical kinetics of small organic radicals / |
| 260 ## - PUBLICATION, DISTRIBUTION, ETC. (IMPRINT) | |
| Place of publication | Boca Raton, Fla. : |
| Name of publisher | CRC Press, |
| Year of publication | c1988- |
| 300 ## - PHYSICAL DESCRIPTION | |
| Number of Pages | v. <1-3 > : |
| Other physical details | ill. ; |
| Dimensions | 27 cm. |
| 500 ## - GENERAL NOTE | |
| General note | Cover title: CRC chemical kinetics of small organic radicals. |
| 650 #0 - SUBJECT ADDED ENTRY--TOPICAL TERM | |
| Topical Term | Free radical reactions. |
| 650 #0 - SUBJECT ADDED ENTRY--TOPICAL TERM | |
| Topical Term | Free radicals (Chemistry) |
| 650 #0 - SUBJECT ADDED ENTRY--TOPICAL TERM | |
| Topical Term | Chemical kinetics. |
| 700 1# - ADDED ENTRY--PERSONAL NAME | |
| Personal name | Alfassi, Zeev B. |
| 942 ## - ADDED ENTRY ELEMENTS (KOHA) | |
| Koha item type | សៀវភៅភាសាអង់គ្លេស |
| 952 ## - LOCATION AND ITEM INFORMATION (KOHA) | |
| Withdrawn status [LOCAL, KOHA] | 0 |
| Permanent Location | Date acquired | Koha item type | Lost status | Shelving location | Barcode | Current Location | Full call number |
|---|---|---|---|---|---|---|---|
| Library Block A | 2018-04-24 | សៀវភៅភាសាអង់គ្លេស | A106 | A12924 | Library Block A | 547 BOC 1988 A106 Or. |